| 000 | 00482nam a2200181 4500 | ||
|---|---|---|---|
| 001 | 112120 | ||
| 003 | ES-MaACL | ||
| 007 | t| | ||
| 008 | 061121s1984 sp r ||||1| spa d | ||
| 100 | 1 |
_aOrs, Francisco. _987363 |
|
| 245 | 1 | 0 |
_aContradanza / _cFrancisco Ors. |
| 260 |
_aMadrid : _bPreyson, _c1984. |
||
| 300 |
_a96 p. ; _c15 cm. |
||
| 490 | 1 |
_aArte escénico ; _v31 |
|
| 830 | 0 |
_aArte escénico ; _v31 _9180796 |
|
| 852 |
_aES-MaACL _jL-6487 _bR.107102 |
||
| 999 |
_c112120 _d112120 |
||